Monetárna politika USA a pasca likvidity

Stručný ucelený pohľad na monetárnu politiku USA od obdobia rozpadu Bretton-woodskeho systému po súčasnosť a jej vplyv a spolupôsobenie na vývoj základných makroekonomických ukazovateľov. Príspevok chce dať odpoveď na to, či naozaj existujú momentálne skutočné predpoklady na to, aby sa svet, ale naj...

Descrizione completa

Salvato in:
Dettagli Bibliografici
Autore principale: Ochotnický, Andrej, 1978-
Natura: Capitolo di libro
Lingua:slovacco
Soggetti:
Tags: Aggiungi Tag
Nessun Tag, puoi essere il primo ad aggiungerne!!

MARC

LEADER 00000nla a2200000 4500
001 0164489
005 20240502072854.4
041 0 |a slo 
044 |a SK 
245 1 0 |a Monetárna politika USA a pasca likvidity  |c Andrej Ochotnický 
520 |a Stručný ucelený pohľad na monetárnu politiku USA od obdobia rozpadu Bretton-woodskeho systému po súčasnosť a jej vplyv a spolupôsobenie na vývoj základných makroekonomických ukazovateľov. Príspevok chce dať odpoveď na to, či naozaj existujú momentálne skutočné predpoklady na to, aby sa svet, ale najmä USA opäť dostali do obdobia vysokej inflácie. 
610 2 0 |a politika menová 
610 2 0 |a USA 
610 2 0 |a cielenie inflácie 
610 2 0 |a deflácia 
610 2 0 |a inflácia 
100 1 |a Ochotnický, Andrej, 1978-